00734nam a22002417a 450000500170000001000110001702000100002803500110003803700160004904000120006508200160007710000280009324500500012126000350017127000120020630000350021850000200025365000200027365000340029394200250032799900190035295201210037120170124110023.0 a130226 c00.00 a130226 bCen Lib/Ret aDPLbEN a370.15bCRO aCronbach, Lee J.920112 aEducational psychology /cby Lee J. Cronbach  aLondon bStepless Press c1954 bLondon  axxvii, 628p. ;c23cm(Hb)bill. aIncludes index  aEducation91169 aPsychological aspects 912868 2ddccENh370.15mCRO c127311d127311 00104070aLbLd2015-06-29eCen Lib/Retg0.00l0o370.15 CROp130226r2015-06-29 00:00:00t1v0.00w2015-06-29yEN